Church and Chapel in a Cornish Mining Parish: 1743 to the Death of John Wesley (Registro nro. 62778)
[ vista simple ]
| 000 -LÍDER | |
|---|---|
| Campo fijo de descripción fija | 007890000a22001330004500 |
| 100 1# - ASIENTO PRINCIPAL--NOMBRE PERSONAL | |
| Nombre personal | Dray, John R. P. |
| 245 10 - TÍTULO | |
| Título del Material | Church and Chapel in a Cornish Mining Parish: 1743 to the Death of John Wesley |
| 300 ## - DESCRIPCIÓN FÍSICA | |
| Extensión | Vol.26, núm. 2 (Summer, 2008), Páginas 48-61 |
| 500 ## - NOTA GENERAL | |
| Nota General | El resultado de un estudio por el autor lleva a algunas conclusiones controversiales y desafia algunos aspectos de la historiografía del cristianismo y sociedad de la población de Cornish en el siglo 18. |
| 650 14 - ASIENTO SECUNDARIO DE MATERIA - TERMINO TEMÁTICO | |
| Término temático o nombre geográfico como elemento de entrada | IGLESIA-INGLATERRA-SIGLO 18 |
| 773 0# - HOST ITEM ENTRY | |
| Title | Evangel |
| 942 ## - TIPO DE MATERIAL (KOHA) | |
| Tipo de Item KOHA | Artículos de Revista |
| Estado de Material | Estado de Perdido | Estado de Dañado | No para Préstamo | Colección | Biblioteca de Origen | Biblioteca Permanente | Fecha de Adquisición | Total de Préstamos | Signatura Topográfica | Última vez visto | Fecha de Remplazo | Tipo de Material |
|---|---|---|---|---|---|---|---|---|---|---|---|---|
| Colección de Hemeroteca | Biblioteca FUSBC | Biblioteca FUSBC | 26/01/2016 | 26/01/2016 | 26/01/2016 | Artículos de Revista |
